Le rap en 2024 - Statistiques

Statistiques générales
  • Ce quiz a été pris 684 fois
  • Le résultat moyen est 10 sur 30
Statistiques - réponses
Indice Réponse % Correct
Rappeur le plus écouté en France en 2024 Jul
90%
Rappeur qui retrouve un succès important avec ses titres "SPIDER" et "SOIS PAS TIMIDE" GIMS
86%
Rappeur le plus plus écouté dans le monde en 2024 Drake
68%
Rappeur avec qui ce dernier est entré en "beef" durant l'année Kendrick Lamar
59%
Rappeur révélé courant 2024 grâce aux morceaux "CANON", "EL GEMANO" et "I'M SORRY"
La Mano 1.9
54%
Rappeur dont l'album "Chambre 140" est le plus vendu de l'année en France PLK
53%
"Saga" de SCH dont un prequel et une suite sont sortis courant 2024 JVLIVS
52%
Rappeur ayant sorti les albums classés en 2ᵉ et 3ᵉ position des ventes en France en 2024 Werenoi
48%
Citez le nom de l'un des finalistes de l'émission Netflix "Nouvelle École" saison 3 Youssef Swatt's | Dadi | Jyeuhair
47%
Titre issu de ce clash, écouté près d'un milliard de fois à la fin 2024 Not Like Us
46%
Complétez les paroles de ce titre de Carbonne :
Elle m'dit "imagine ??? sous les parasols"
Mais là j'm'imagine la perdre, j'deviens parano
Madère
44%
Nom de l'album en commun de Niska et Ninho GOAT
43%
Complétez les paroles de ce titre de SDM :
Tu sais qu'l'argent ça compte pas, tu t'en rendras compte un jour à quel point j't'ai aimée
J'lui dis que j'lui souhaite le meilleur, elle m'a dit "Souhaite-moi la ???, moi, fuck la santé"
richesse
35%
Beatmaker et streamer français qui invite régulièrement des rappeurs pour discuter ou créer en live Naskid
34%
Rappeur qui collabore avec Central Cee sur le morceau "Bolide Noir" JRK 19
33%
Après une performance lors de la cérémonie des Flammes, ce rappeur sort la mixtape "Capitale du Crime Radio" en fin d'année La Fouine
32%
Rappeur qui s'est associé à Metro Boomin pour sortir deux albums en 2024 Future
27%
Rappeur français qui connaît un début de succès avec son album "+99XP" Jolagreen23
26%
Rappeur américain libéré sous conditionnelle à l'issu du plus long procès de l'État de Géorgie Young Thug
26%
Rappeuse qui sort une version exclusive de l'album "The Pinkprint" pour fêter ses 10 ans Nicki Minaj
25%
Producteur et compositeur de hip-hop français a qui a été dédié une série documentaire sur la chaine Arte DJ Mehdi
21%
Podcast présenté par Baloo et Chris, contenant des interviews de rappeurs tels que Tiakola, Gazo ou Booba CKO
18%
Rappeur qui a sorti l'album "american dream" en janvier 21 Savage
16%
Série d'albums communs de Kanye West et Ty Dolla $ign VULTURES
14%
Complétez les paroles de ce titre de The Weeknd et Playboi Carti :Ever since I was a kid, I been legit If I was you, I would cut up my wrist ??? tatted all over her body, yeah XO
8%
Plateforme de freestyle française qui a contribué à propulser des rappeurs comme R2, Sherifflazone ou encore XXXXMLZ Sponge Production
7%
Festival réservé au hip-hop et aux afrobeats, qui a accueilli Kalash, Gunna et Zamdane en juillet Yardland
7%
Rappeuse originaire de Memphis qui a connu le succès avec les titres "TGIF" et "Wanna Be" en collaboration avec Megan Thee Stallion GloRilla
4%
Rappeur emblématique de la scène d'Atlanta de la première moitié des années 2010, décédé d'une overdose en 2024 Rich Homie Quan
3%
Style de beat apparu inspiré du hip-hop des années 2000, revenu dans la scène underground américaine grâce à des rappeurs comme Nettspend et Xaviersobased, ou en version drill avec le groupe 41. Le rappeur mentionné ci-dessus l’utilise également fréquemment Jerk
2%
Aucun quiz correspondant
Distribution des résultats
% des personnes avec chaque résultat
Percentile par nombre de réponses
Votre historique - résultats
Vous n’avez pas pris ce quiz